| 000 | 00356nam a2200109Ia 4500 | ||
|---|---|---|---|
| 008 | 171204s9999 xx 000 0 und d | ||
| 245 | _aMankind Beyond Earth: The History, Science, and Future of Human Space Exploration | ||
| 245 | _cClaude A. Piantadosi | ||
| 260 | _c2013 | ||
| 650 | _xEarth Science | ||
| 856 | _uhttp://down.ebook777.com/043/0231162421.pdf | ||
| 999 |
_c345485 _d345485 |
||